Best Selling Books of All Time - Statistics

General Stats
  • This quiz has been taken 44 times
  • The average score is 3 of 15
Answer Stats
Copies sold (millions) Title % Correct
150 The Lord of the Rings
53%
120 Harry Potter and the Philosophers Stone
50%
100 The Hobbit
35%
80 The Da Vinci Code
29%
200 A Tale of Two Cities
24%
65 The Catcher in the Rye
24%
65 Harry Potter and the Deathly Hallows
21%
100 And Then There Were None
9%
65 The Alchemist
9%
100 Dream of the Red Chamber
6%
85 The Lion, the Witch, and the Wardrobe
6%
140 The Little Prince
6%
100 Alice's Adventures in Wonderland
3%
83 She: A History of Adventure
3%
80 The Adventures of Pinocchio
0%
No matching quizzes found
Score Distribution
Percent of People with Each Score
Percentile by Number Answered
Your Score History
You have not taken this quiz